ბათუმის შოთა რუსთაველის სახელმწიფო უნივერსიტეტის ბიბლიოთეკა

ყველა სიმღერა იწყება შენით (ბიბ.ჩანაწერი № 48668)

000 -LEADER
fixed length control field 01279nam a2200253Ia 4500
001 - CONTROL NUMBER
control field 15568
003 - CONTROL NUMBER IDENTIFIER
control field GE_BSU
008 - FIXED-LENGTH DATA ELEMENTS--GENERAL INFORMATION
fixed length control field 181216s||||||||xx |||||||||||||| ||und||
040 ## - CATALOGING SOURCE
Transcribing agency GE_BSU
080 ## - UNIVERSAL DECIMAL CLASSIFICATION NUMBER
Universal Decimal Classification number 821.353.1-1
100 ## - MAIN ENTRY--PERSONAL NAME
Personal name წერეთელი, ნუგზარ
245 ## - TITLE STATEMENT
Title ყველა სიმღერა იწყება შენით
245 ## - TITLE STATEMENT
Remainder of title ლექსები
245 ## - TITLE STATEMENT
Statement of responsibility, etc. რედ.ც.ქაროსანიძე. მხატვ.ნ.ზიბზიბაძე
260 ## - PUBLICATION, DISTRIBUTION, ETC.
Place of publication, distribution, etc. თბილისი
260 ## - PUBLICATION, DISTRIBUTION, ETC.
Name of publisher, distributor, etc. მერანი
260 ## - PUBLICATION, DISTRIBUTION, ETC.
Date of publication, distribution, etc. 1980
300 ## - PHYSICAL DESCRIPTION
Extent 124გვ.17სმ.
653 ## - INDEX TERM--UNCONTROLLED
Uncontrolled term ლექსები
653 ## - INDEX TERM--UNCONTROLLED
Uncontrolled term ყველა სიმღერა იწყება შენით
653 ## - INDEX TERM--UNCONTROLLED
Uncontrolled term ციკლები: ჩემი მამული; გზები და განცდილი; ყირიმის სურათები; პოლონური შთაბეჭდილებებიდან; ლირიკული რვეულიდან
653 ## - INDEX TERM--UNCONTROLLED
Uncontrolled term ხუთი ლექსი ა.ა.; სხვა და სხვა რკალის ლექსები; სამი ლექსი გურამ რჩეულიშვილს
942 ## - ADDED ENTRY ELEMENTS (KOHA)
Koha item type წიგნი
ეგზემპლარები
Withdrawn status Lost status Damaged status Not for loan Date acquired Barcode Date last seen Price effective from Koha item type
        2018-12-17 38974 2018-12-17 2018-12-17 წიგნი